|
|
|
|
| LEADER |
00000cam a2200000 7i4500 |
| 001 |
0000005465 |
| 005 |
20151222.0 |
| 008 |
070806 |
| 020 |
|
|
|a 1842157590
|
| 090 |
0 |
0 |
|a G
|b ENG
|
| 245 |
1 |
0 |
|a Homes :
|b Bring the past alive with 30 great projects
|c Consulting editors Rachel Halstead and Struan Reid
|
| 260 |
|
|
|a London :
|b Southwater ,
|c 2003
|
| 440 |
|
|
|a Hands-on Science
|
| 500 |
|
|
|a Children ages 10-12 years old (pink)
|
| 650 |
|
0 |
|a Junior fiction
|x English
|x Languages
|
| 650 |
|
0 |
|a Science
|x Study and teaching
|
| 700 |
1 |
|
|a Halstead,Rachel
|
| 700 |
1 |
|
|a Reid,Struan
|
| 999 |
|
|
|a 0000895178
|b Book
|c Children Collection
|e Cawangan Pontian
|
| 999 |
|
|
|a 0000895180
|b Book
|c Adult Collection
|e Cawangan Bandar Penawar
|
| 999 |
|
|
|a 0000895182
|b Book
|c Children Collection
|e Cawangan Mersing
|
| 999 |
|
|
|a 0000895183
|b Book
|c Children Collection
|e Cawangan Segamat
|
| 999 |
|
|
|a 0000895185
|b Book
|c Adult Collection
|e Cawangan Muar
|
| 999 |
|
|
|a 0000895186
|b Book
|c Children Collection
|e Cawangan Tmn. Ungku Tun Aminah
|
| 999 |
|
|
|a 0000895187
|b Book
|c Children Collection
|e Cawangan Bandar Penawar
|
| 999 |
|
|
|a 0000979626
|b Book
|c Children Collection
|e Cawangan Kota Tinggi
|
| 999 |
|
|
|a 0000979627
|b Book
|c Children Collection
|e Cawangan Taman Universiti
|
| 999 |
|
|
|a 0000979628
|b Book
|c Children Collection
|e Cawangan Segamat
|